Microprocessors form Assembly Language to C Using the PIC 18 Fxx2 (Record no. 16760)

MARC details
000 -LEADER
fixed length control field 00436nam a2200169Ia 4500
008 - FIXED-LENGTH DATA ELEMENTS--GENERAL INFORMATION
fixed length control field 230524s9999 xx 000 0 und d
020 ## - INTERNATIONAL STANDARD BOOK NUMBER
ISBN 8137662533
082 ## - DEWEY DECIMAL CLASSIFICATION NUMBER
Classification number 4
Item number REE
100 ## - MAIN ENTRY--AUTHOR NAME
Personal name Robert B.Reese
245 #0 - TITLE STATEMENT
Title Microprocessors form Assembly Language to C Using the PIC 18 Fxx2
250 ## - EDITION STATEMENT
Edition statement 1ST
260 ## - PUBLICATION, DISTRIBUTION, ETC. (IMPRINT)
Place of publication NEW DELHI
Name of publisher Scitech
Year of publication 2005
300 ## - PHYSICAL DESCRIPTION
Number of Pages XXIV;664
500 ## - GENERAL NOTE
General note Quantity Number: 2
650 ## - SUBJECT ADDED ENTRY--TOPICAL TERM
Topical Term Comp-Sc
942 ## - ADDED ENTRY ELEMENTS (KOHA)
Koha item type Books
Holdings
Lost status Damaged status Permanent Location Current Location Shelving location Date acquired Full call number Accession Number Koha item type
    Central Library, Trident Academy of Technology Central Library, Trident Academy of Technology General Stacks 05/24/2023 004 REE 6936 Books
    Central Library, Trident Academy of Technology Central Library, Trident Academy of Technology General Stacks 05/24/2023 004 REE 6937 Books
Trident Academy of Technology © 2023.
All rights reserved.                                                                                                                                                                                                        Designed by Team of Central Library .

Powered by Koha